000 01338nam a2200289Ia 4500
999 _c39986
_d39986
001 6592
003 GE_BSU
005 20191203143944.0
008 181216s2009||||ge |||||||||||||| ||geo||
020 _a9789941409073
040 _cGE_BSU
041 _ageo
080 _a1(479.22) მ-43
100 _aმახარაძე, მიხეილ
_95684
245 _aრენესანსი, ჰუმანიზმი და ქართული რენესანსის საკითხები /
_c მიხეილ მახარაძე ; რედ. გერონტი შუშანაშვილი.
264 _aბათუმი.
_bშოთა რუსთაველის სახ.უნ-ტი,
_c2009.
300 _a218 გვ. ;
_b18 სმ.
501 _aსაძ.: გვ. 206-216.
520 _aრეზ. ინგლ..
653 _a ჰუმანიზმი
653 _aქართული რენესანსი
653 _aკულტურის ფილოსოფია
653 _a ქრისტიანობა
700 _aშუშანაშვილი, გერონტი
_eრედაქტორი
_9385
710 _aსავლე წერეთლის ფილოსიფიის ინ-ტი.
_95685
942 _cBK
_2udc